000 01145nam0a2200313 4500
001 RU\NLR\bibl\945903
005 20250614195945.0
010 _a5-7578-0299-5
_95000
021 _aRU
_b2006-21962
_91097
035 _a(NLR Aleph) 000934043
090 _a178001
_c178001
100 _a20060510d2006 |||y0rusy50 ca
101 0 _arus
102 _aRU
105 _aa |||||||||
200 1 _aВыгонка растений
_fЛ.В. Завадская
210 _aМосква
_cМПС
_d2006
215 _a153, [1] с.
_cил.
_d20
225 1 _aСоветы специалистов
320 _aБиблиогр.: с. 147-152
606 1 _aДекоративные растения
_jПопулярные издания
_xВыгонка
_92314109
_3RU\NLR\auth\661384795
606 1 _aЦветочные культуры
_jПопулярные издания
_xВыгонка
_92314112
_3RU\NLR\auth\661384797
686 _aП274-455.5я9
700 1 _aЗавадская
_bЛ. В.
_gЛюдмила Викторовна
_4070
801 0 _aRU
_bNLR
_c20060510
_grcr
801 1 _aRU
_bNLR
_c20060510
942 _cBOOK
980 _aNB